Managing Financial Crises : The Experience in East Asia /

The Asian financial crisis of 1997-98 was one of the most dramatic economic events of recent times, which raised many questions regarding the appropriate policy response to financial crises. This paper reviews the experience of this crisis, focusing on the overall strategy of crisis management and t...

תיאור מלא

מידע ביבליוגרפי
מחבר ראשי: Lane, Timothy
מחברים אחרים: Bulir, Ales, Hamann, A., Schulze-Gattas, Marianne
פורמט: כתב-עת
שפה:English
יצא לאור: Washington, D.C. : International Monetary Fund, 2000.
סדרה:IMF Working Papers; Working Paper ; No. 2000/107
גישה מקוונת:Full text available on IMF
LEADER 01626cas a2200277 a 4500
001 AALejournalIMF001266
008 230101c9999 xx r poo 0 0eng d
020 |c 5.00 USD 
020 |z 9781451852974 
022 |a 1018-5941 
040 |a BD-DhAAL  |c BD-DhAAL 
100 1 |a Lane, Timothy. 
245 1 0 |a Managing Financial Crises :   |b The Experience in East Asia /  |c Timothy Lane, A. Hamann, Marianne Schulze-Gattas, Ales Bulir. 
264 1 |a Washington, D.C. :  |b International Monetary Fund,  |c 2000. 
300 |a 1 online resource (66 pages) 
490 1 |a IMF Working Papers 
500 |a <strong>Off-Campus Access:</strong> No User ID or Password Required 
500 |a <strong>On-Campus Access:</strong> No User ID or Password Required 
506 |a Electronic access restricted to authorized BRAC University faculty, staff and students 
520 3 |a The Asian financial crisis of 1997-98 was one of the most dramatic economic events of recent times, which raised many questions regarding the appropriate policy response to financial crises. This paper reviews the experience of this crisis, focusing on the overall strategy of crisis management and the way that strategy was implemented, including with regard to official and private financing, structural reforms, and monetary and fiscal policies. 
538 |a Mode of access: Internet 
700 1 |a Bulir, Ales. 
700 1 |a Hamann, A. 
700 1 |a Schulze-Gattas, Marianne. 
830 0 |a IMF Working Papers; Working Paper ;  |v No. 2000/107 
856 4 0 |z Full text available on IMF  |u http://elibrary.imf.org/view/journals/001/2000/107/001.2000.issue-107-en.xml  |z IMF e-Library